000 01485cam a22003857a 4500
003 CHAP
005 20220329142550.0
008 010920d2001 mx r 00110 spa d
010 _a85006
011 _a85978
035 _a96516
040 _cCHAP
090 _aTesis
100 0 0 _aSantiago Mejía, Elizabeth.
_9102372
245 1 0 _aDifusión y adopción de técnicas agroecológicas :
_bcaso de los egresados de la Escuela de Agricultura Ecológica "U Yits Ka ' an, en Maní, Yucatán
_c/por Elizabeth Santiago Mejía
260 _aChapingo, Méx. :
_bEl autor,
_c2001.
300 _a121 h. :
_bilus.
502 _aTesis (Ing. en Agroecología) -- UACH. Departamento de Agroecología
590 _aALEPH
_b10
_c20130110
_lUCH01
_h1444
590 _aBATCH-UPD
_b10
_c20130110
_lUCH01
_h0431
590 _aBATCH-UPD
_b10
_c20130410
_lUCH01
_h0106
590 _aBATCH-UPD
_b10
_c20130410
_lUCH01
_h1556
590 _aBATCH-UPD
_b10
_c20130913
_lUCH01
_h2230
590 _aBATCH-UPD
_b10
_c20130914
_lUCH01
_h1318
590 _aCONVERSION
_b10
_c20130109
_lUCH01
_h1347
650 1 4 _aAgricultura orgánica.
_92005
650 1 4 _aEcología agrícola
_xEstudio y enseñanza.
_935168
650 1 4 _aEscuelas agrícolas
_zYucatán.
_937652
650 1 4 _aExtensión agrícola
_xYucatán.
_939193
901 _aBK
905 _aAlejandra Carrasco M.
942 _cFOLL
949 _aTesis
_bBC
_cTES
_d33724000859765
_eTS2
_fc.2
_h38642
_i96516
_si
949 _aTesis
_bBC
_cTES
_d965161
_eTS1
_h38641
_i96516
_sb
999 _c85006
_d85006